Missing Word: London Tourist Attractions Quiz Stats

 Plays Quiz Updated Nov 2, 2015

Score 0/24 Timer 03:00
0 Plays Today
Place Missing Word % Correct
Buckingham ______Palace
99.8%
Trafalgar ______Square
94.6%
Hyde ____Park
92.8%
Piccadilly ______Circus
89%
Big ___Ben
88.6%
Natural _______ MuseumHistory
88.5%
_____ of LondonTower
88.3%
______ TussaudsMadame
87.5%
10 _______ StreetDowning
84.2%
Abbey ____Road
83.6%
______ EyeLondon
78.8%
King's _____ StationCross
77.8%
Place Missing Word % Correct
St. ____'s CathedralPaul
76.3%
___________ AbbeyWestminster
76.2%
Royal ______ HallAlbert
75.8%
Covent ______Garden
75.1%
Tower _____Bridge
70%
______ of ParliamentHouses
66.1%
____ ModernTate
62.4%
___________'s GlobeShakespeare
60.9%
______'s ColumnNelson
58.7%
O2 _____Arena
55.4%
Imperial ___ MuseumWar
54%
Tottenham _____ RoadCourt
51.1%

Today's Daily Dose

You're not logged in!

Compare scores with friends on all Sporcle quizzes.
Join for Free
OR
Log In

You Might Also Like...

Show Comments

Extras

Top Quizzes Today


Score Distribution

Your Account Isn't Verified!

In order to create a playlist on Sporcle, you need to verify the email address you used during registration. Go to your Sporcle Settings to finish the process.

Report this User

Report this user for behavior that violates our Community Guidelines.

Details: